North Shore suburbs - Statistics

General Stats
  • This quiz has been taken 3 times
  • The average score is 36 of 55
Answer Stats
Answer % Correct
Artarmon
100%
Chatswood
100%
East Killara
100%
East Lindfield
100%
Gordon
100%
Hornsby
100%
Killara
100%
Lindfield
100%
Longueville
100%
Mosman
100%
North Sydney
100%
Riverview
100%
Roseville
100%
St Ives
100%
St Ives Chase
100%
St Leonards
100%
Waverton
100%
Wollstonecraft
100%
Cammeray
50%
Castle Cove
50%
Castlecrag
50%
Chatswood West
50%
Cremorne
50%
Cremorne Point
50%
Crows Nest
50%
Gladesville
50%
Greenwich
50%
Hunters Hill
50%
Kirribilli
50%
Lane Cove
50%
Lane Cove North
50%
Lane Cove West
50%
Lavender Bay
50%
McMahons Point
50%
Middle Cove
50%
Milsons Point
50%
Naremburn
50%
Neutral Bay
50%
Northbridge
50%
North Turramurra
50%
North Wahroonga
50%
Northwood
50%
Pymble
50%
Roseville Chase
50%
South Turramurra
50%
Turramurra
50%
Wahroonga
50%
Waitara
50%
Warrawee
50%
West Pymble
50%
Willoughby
50%
Willoughby East
50%
Woolwich
50%
North Ryde
0%
North Willoughby
0%
No matching quizzes found
Score Distribution
Percent of People with Each Score
Percentile by Number Answered
Your Score History
You have not taken this quiz